000 01096 a2200301 4500
999 _c200130671
_d30585
001 200130671
003 TR-AnTOB
005 20231214091649.0
008 131011s2013 tu 000 0
020 _a9786055197148
040 _aTR-AnTOB
_cTR-AnTOB
_beng
_erda
041 _atur
050 _aHC241.5
_bC48 2013
090 _aHC241.5 C48 2013
100 _aCicioğlu, Filiz
_993521
245 0 _aSivil Toplum-Dış Politika İlişkisi Çerçevesinde Sivil Toplum Kuruluşlarının Türkiye’ nin Avrupa Birliği Politikasına Yaklaşımı” /
_cFiliz Cicioğlu ; Doç.Dr. Kemal İnat.
264 1 _aSakarya:
_bSakarya,
_c2013
300 _aX, 272 s. ;
_c23 cm.
490 0 _aAvrupa Birliği Bakanlığı Akademik Araştırmalar Serisi:
_v2
500 _aDoktora Tezi
610 0 _aAvrupa Birliği
_zTürkiye
_923334
650 7 _aSivil toplum örgütleri
_zTürkiye
_2
_99434
650 _aSivil toplum
_zAvrupa Birliği ülkeleri
_993524
650 0 _aCivil society
_zEuropean Union countries
_993525
650 0 _aNon-governmental organizations
_zTurkey
_919112
942 _cBK
_2lcc